Central Library OPAC University of Rajshahi

Family, kinship and marriage among Muslims in India / (Record no. 34279)

MARC details
000 -LEADER
fixed length control field 00785nam a2200253 i 4500
001 - CONTROL NUMBER
control field 34279
003 - CONTROL NUMBER IDENTIFIER
rucl marc code BD-RjUL
005 - DATE AND TIME OF LATEST TRANSACTION
control field 20211209052131.0
008 - FIXED-LENGTH DATA ELEMENTS--GENERAL INFORMATION
fixed length control field 140516s1976 ii b b 001 0 eng d
035 ## - SYSTEM CONTROL NUMBER
System control number (BD-RjUL)34373
040 ## - CATALOGING SOURCE
Original cataloging agency DLC
Transcribing agency DLC
Modifying agency BD-RjUL
Language of cataloging eng
041 ## - LANGUAGE CODE
Language code of text/sound track or separate title eng
082 ## - DEWEY DECIMAL CLASSIFICATION NUMBER
Classification number 301.420954
Author mark and year FAM 1976
245 00 - TITLE STATEMENT
Title Family, kinship and marriage among Muslims in India /
Statement of responsibility, etc. edited by Imtiaz Ahmad.
260 ## - PUBLICATION, DISTRIBUTION, ETC. (IMPRINT)
Place of publication, distribution, etc. New Delhi :
Name of publisher, distributor, etc. Manohar,
Date of publication, distribution, etc. 1976.
300 ## - PHYSICAL DESCRIPTION
Pagination xxxiv, 367 p. :
Illustrations ill., maps ;
Size 23 cm.
504 ## - BIBLIOGRAPHY, ETC. NOTE
Bibliography, etc Includes bibliographies and index.
650 #0 - SUBJECT ADDED ENTRY--TOPICAL TERM
Topical term or geographic name as entry element Families
Geographic subdivision India.
9 (RLIN) 104213
Topical term or geographic name as entry element Marriage
Geographic subdivision India
9 (RLIN) 104214
Topical term or geographic name as entry element Muslims
Geographic subdivision India
General subdivision Social conditions.
9 (RLIN) 98570
700 1# - ADDED ENTRY--PERSONAL NAME
Personal name Ahmad, Imtiaz,
Dates associated with a name 1940-
942 ## - ADDED ENTRY ELEMENTS (KOHA)
Source of classification or shelving scheme Dewey Decimal Classification
Koha item type Books
Holdings
Lost status Source of classification or shelving scheme Damaged status Not for loan Collection code Permanent Location Current Location Shelving location Date acquired Source of acquisition Cost, normal purchase price Total Checkouts Full call number Date last seen Copy number Koha item type
  Dewey Decimal Classification   Not For Loan Non-fiction Central Library, University of Rajshahi Central Library, University of Rajshahi Reading Room 27/09/1978 India Govt CALAUTTA 75.00   301.420954 FAM 1976 15/05/2014 C-1 Books
  Dewey Decimal Classification     Non-fiction Central Library, University of Rajshahi Central Library, University of Rajshahi   27/09/1978 India Govt CALAUTTA 75.00   301.420954 FAM 1976 15/05/2014 C-2 Books
  Dewey Decimal Classification     Non-fiction Central Library, University of Rajshahi Central Library, University of Rajshahi   05/02/1983 India Govt CALAUTTA 75.00   301.420954 FAM 1976 15/05/2014 C-3 Books